000 00597nas a2200217 4500
001 BR9404200
003 BR-BrBNA
005 20231205093704.0
007 ta
008 230509b bl.|||p| |||| 00| 00por d
040 _aBR-BrBNA
_bpor
_cBiblioteca Nacional de Agricultura
041 _a(Pt)
072 _aN10
100 1 _aAnon.
245 1 _aCurrais solucao concreta
650 _aCurral
650 _aInstalacao para Animal
773 0 _tGlobo Rural (Brazil)
_xISSN 0102-6178
_g(Nov 1992), v. 8(85) p. 18-22
_wBR9404200
909 _a202311
_bLúcia
_c55
_dLúcia Elande
942 _2AGRIS
_n0
_cANA
999 _c139892
_d139892